1759 1606 1696 1991 1917 1009 1449 1965 1113 1243 1877 1019 1703 1721 1974 1529 1793 1272 1214 1216 1577 1973 1229 1725 1226 1294 1037 1223 1485 1997 1392 1189 1661 1672 1726 1005 1115 1329 1915 1687 1022 1244 1295 1800 1411 1237 1321 1987 1890 1858 1547 1918 1843 1006 1300 1899 1675 1382 1610 1750 1979 1823 1415 1282 1468 1920 1004 1678 1083 1605 1378 1707 1646 1022 1271 1276 1760 1549 1909 1479 1972 1392 1235 1824 1754 1702 1932 1184 1498 1834 1979 1018 1209 1914 1398 1495 1790 1347 1957 BCNSPRNW ULIB Ver.6.0+V

เปลี่ยนเป็นภาษาไทย

Change to English
 แสดงรายละเอียดบรรณานุกรม
  กลับหน้าหลัก

Brief Record : Get Marc (ISO 2709) : E-mail record : QR code < ปิดหน้าต่าง
LEADER : 00000nam 2200000uu 4500
001    13399109730
003     ULIB
008    110410s2550||||th 000 0 tha d
020    9789746608244
060 04 WC515^bช576ข 2550
100 0  ชิษณุ พันธุ์เจริญ
245 00 "ไข้หวัดใหญ่"โรคที่อาจร้ายกว่าที่คิด/^cบรรณาธิการ, ชิษณุ พันธุ์เจริญ ... [และคนอื่นๆ]
250    พิมพ์ครั้งที่ 1
260    กรุงเทพฯ :^bธนาเพรส,^c2550
300    66 หน้า ;^c21 ซม.
650  7 ไข้หวัดใหญ่
650  7 วัคซีนไข้หวัดใหญ่
700 0  ทวี โชติพิทยสุนนท์,^eบรรณาธิการ
700 0  ประเสรฐ ทองเจริญ,^eบรรณาธิการ
945    ^p90^l0^i026351
945    ^p90^l0^i026350
945    ^p90^l0^i026349
945    ^p90^l0^i026348
945    ^p90^l0^i026346
945    ^p90^l0^i026347
995    ทศพ
999 ^a ใช้งานได้ทุกระบบ
รายการนี้ยังไม่มีแท็ก
คุณยังไม่ได้ล็อกอิน คุณสามารถมีกิจกรรมร่วมกับเว็บไซต์ได้ แต่ต้องล็อกอินก่อน ::
  ล็อกอิน

รายการสื่อสารสนเทศ

ลำดับที่ ประเภท เลขเรียก/บาร์โค้ด สถานที่ สถานะ
- ไม่พบข้อมูล -

รายการใกล้เคียง
    ผู้แต่ง [ชิษณุ พันธุ์เจริญ]

    หัวเรื่อง [ไข้หวัดใหญ่]
    หัวเรื่อง [วัคซีนไข้หวัดใหญ่]

BibComment


ยังไม่เคยถูกคอมเมนท์

คอมเมนท์ทรัพยากรรายการนี้
  คอมเมนท์: ไข้หวัดใหญ่โรคที่..


 Copyright 2026. Bcnsprnw @Library